| 000 | 00795cam a22002533a 4500 | ||
|---|---|---|---|
| 001 | 16780 | ||
| 003 | PGUSA | ||
| 005 | 20140828083346.0 | ||
| 008 | 051012s2005||||xxu|||||s|||||000 | eng d | ||
| 040 |
_aPGUSA _beng |
||
| 042 | _adc | ||
| 050 | 4 | _aE201 | |
| 050 | 4 | _aJK | |
| 100 | 1 |
_aJefferson, Thomas, _d1743-1826 |
|
| 245 | 1 | 4 |
_aThe Declaration of Independence of The United States of America _h[electronic resource] / _cThomas Jefferson |
| 260 |
_bProject Gutenberg, _c2005 |
||
| 506 | _aPublic domain in the USA. | ||
| 516 | _aElectronic text | ||
| 653 | _aUnited States -- History -- Revolution, 1775-1783 -- Sources | ||
| 653 | _aUnited States. Declaration of Independence | ||
| 830 | 0 |
_aProject Gutenberg _v16780 |
|
| 856 | 4 | 0 | _uhttp://www.gutenberg.org/ebooks/16780 |
| 942 | _cEB | ||
| 999 |
_c246035 _d246035 |
||